[Event "DEM U18w 2006"]
[Site "Willingen GER"]
[Date "2006.06.04"]
[Round "1"]
[White "Schöttler, Katharina"]
[Black "Laake, Jasmin"]
[Result "0-1"]
[Termination "normal"]
[Board "8"]
[WhiteElo "1655"]
[BlackElo "1976"]
[PlyCount "78"]
[BlackFideId "4699939"]
[EventCountry "GER"]
[EventRounds "9"]
[EventType "swiss"]
[EventDate "2006.06.03"]

1. e4 c5 2. c4 Nc6 3. Ne2 e5 4. g3 g6 5. Bg2 Bg7 6. O-O Nge7 7. Nbc3 O-O 8. d3
d6 9. Rb1 Kh8 10. b3 f5 11. f4 Rb8 12. Bb2 a6 13. Kh1 Qc7 14. Qd2 b5 15. a3 b4
16. axb4 Rxb4 17. Qc2 Bd7 18. Ra1 Qb6 19. Na4 Qb8 20. Nc1 Nd4 21. Bxd4 exd4 22.
Nb2 fxe4 23. Bxe4 Nf5 24. Nd1 Bc8 25. Rf2 Ne3 26. Qd2 Bg4 27. Nb2 Qc8 28. Kg1
Bh6 29. Ra2 Bh3 30. Nd1 Ng4 31. Re2 g5 32. f5 Ne5 33. Nf2 Bxf5 34. Bxf5 Qxf5
35. Qd1 Nf3+ 36. Kh1 Qc8 37. Ne4 Qh3 38. Nxd6 Nxh2 39. Kg1 Rf1+ 0-1

[Event "DEM U18w 2006"]
[Site "Willingen GER"]
[Date "2006.06.05"]
[Round "3"]
[White "Hofmann, Annett"]
[Black "Chin, Karin"]
[Result "0-1"]
[Termination "normal"]
[Board "3"]
[WhiteElo "2004"]
[BlackElo "2008"]
[PlyCount "102"]
[WhiteFideId "24603759"]
[BlackFideId "24608157"]
[EventCountry "GER"]
[EventRounds "9"]
[EventType "swiss"]
[EventDate "2006.06.03"]

1. e4 e6 2. d4 d5 3. Nd2 Nf6 4. e5 Nfd7 5. Bd3 c5 6. c3 Nc6 7. Ne2 cxd4 8. cxd4
Qb6 9. Nf3 f6 10. exf6 Nxf6 11. O-O Bd6 12. b3 e5 13. dxe5 Nxe5 14. Nfd4 Nxd3
15. Qxd3 O-O 16. Bb2 Bd7 17. Rad1 Rae8 18. Nc3 Ng4 19. g3 Bc5 20. Nxd5 Qh6 21.
h4 Ne5 22. Qc2 Bxd4 23. Bxd4 Nf3+ 24. Kg2 Bb5 25. Bxa7 Bxf1+ 26. Rxf1 Qh5 27.
Nc3 Kh8 28. a4 Rf6 29. Rh1 Ne5 30. Qd1 Qf7 31. Rf1 b6 32. Nd5 Rd6 33. Bxb6
Qxd5+ 34. Qxd5 Rxd5 35. Re1 Rc8 36. a5 Nd7 37. Bc7 h6 38. Bf4 Rxa5 39. Re7 Nf6
40. Rb7 Rc2 41. b4 Rd5 42. b5 Ng4 43. Kf3 h5 44. b6 Rxf2+ 45. Ke4 Rb5 46. Rb8+
Kh7 47. Bc7 Rd2 48. Ra8 Rb4+ 49. Kf5 Re2 50. Kg5 Nh6 51. Kxh5 Rb5+ 0-1